| 000 | 00844nam a2200277Ia 4500 | ||
|---|---|---|---|
| 001 | Para_5134 | ||
| 003 | CHAP | ||
| 008 | 220125s1937 xx 000 0 und d | ||
| 010 | _a203503 | ||
| 040 | _cCHAP | ||
| 090 | _aPA FOLLETO 2475 | ||
| 100 |
_aTisdale, W. B _9113420 |
||
| 245 |
_aExperiments for the control of phoma rot of tomatoes / _c by W. B. Tisdale and stacy O. Hawkins |
||
| 260 |
_aGainesville, Florida : _b Agricultural Experiment Station |
||
| 300 | _a28 p. | ||
| 440 |
_aFlorida Agri. Exp. Sta. Bull.; 308 _9169328 |
||
| 650 |
_aTomate _x Enfermedades por hongos Phoma _9169329 |
||
| 700 |
_aHawkins, Stacy O. _953153 |
||
| 901 | _aPA FOLLETO 2475 | ||
| 902 | _aA | ||
| 905 | _a0000001937 GAI 0000000000 00 | ||
| 910 | _a1937 | ||
| 942 | _cPARA | ||
| 942 |
_cPARA _d1 |
||
| 999 |
_c203503 _d203503 |
||